[Event "Viareggio op"]
[Site "Viareggio"]
[Date "2001.02.??"]
[Round "?"]
[White "Vujovic, Milorad"]
[Black "Capraro, Fabio"]
[Result "1-0"]
[WhiteElo "2265"]
[BlackElo "1715"]
[PlyCount "63"]
[EventDate "2001.02.16"]
[EventType "swiss"]
[EventRounds "7"]
[EventCountry "ITA"]
[SourceTitle "EXT 2004"]
[Source "ChessBase"]
[SourceDate "2003.11.25"]
[SourceVersion "1"]
[SourceVersionDate "2003.11.25"]
[SourceQuality "1"]

1. e4 c5 2. Nf3 e6 3. Qe2 Nc6 4. b3 Nf6 5. g3 Be7 6. Bb2 0-0 7. Bg2 d5 8. d3 b6 9. 0-0 Ba6 10. e5 Nd7 11. Re1 Re8 12. h4 f6 13. c4 Ndxe5 14. Nxe5 fxe5 15. Nc3 Nd4 16. Qd1 Rf8 17. cxd5 Bxh4 18. gxh4 Qxh4 19. Ne4 exd5 20. Ng3 Rxf2 21. Kxf2 Rf8+ 22. Kg1 Qxg3 23. Bxd4 cxd4 24. Qh5 Bxd3 25. Rxe5 Bg6 26. Qg5 Qf2+ 27. Kh2 Qb2 28. Rg1 d3 29. Rxd5 Qe2 30. Rd8 Be8 31. Rxd3 Rf6 32. Re3 1-0

[Event "Viareggio op"]
[Site "Viareggio"]
[Date "2001.02.??"]
[Round "?"]
[White "Vujovic, Milorad"]
[Black "Pieraccini, Riccardo"]
[Result "1-0"]
[WhiteElo "2265"]
[BlackElo "1825"]
[PlyCount "35"]
[EventDate "2001.02.16"]
[EventType "swiss"]
[EventRounds "7"]
[EventCountry "ITA"]
[SourceTitle "EXT 2004"]
[Source "ChessBase"]
[SourceDate "2003.11.25"]
[SourceVersion "1"]
[SourceVersionDate "2003.11.25"]
[SourceQuality "1"]

1. e4 d5 2. exd5 Qxd5 3. Nc3 Qa5 4. Bc4 Nf6 5. Qe2 c6 6. Nf3 Nbd7 7. d4 Nb6 8. Bb3 Bf5 9. Bd2 Nbd7 10. h3 h6 11. g4 Bh7 12. Ne5 Nxe5 13. dxe5 Nd7 14. Bxf7+ Kxf7 15. e6+ Ke8 16. exd7+ Kxd7 17. 0-0-0 Re8 18. Bf4+ 1-0

[Event "Viareggio op"]
[Site "Viareggio"]
[Date "2001.02.??"]
[Round "?"]
[White "Vujovic, Milorad"]
[Black "Scalcione, Michelangelo"]
[Result "0-1"]
[WhiteElo "2265"]
[BlackElo "2175"]
[PlyCount "86"]
[EventDate "2001.02.16"]
[EventType "swiss"]
[EventRounds "7"]
[EventCountry "ITA"]
[SourceTitle "EXT 2004"]
[Source "ChessBase"]
[SourceDate "2003.11.25"]
[SourceVersion "1"]
[SourceVersionDate "2003.11.25"]
[SourceQuality "1"]

1. e4 e5 2. d4 exd4 3. Nf3 d6 4. Nxd4 Nf6 5. Nc3 Be7 6. Be2 0-0 7. Be3 Re8 8. Qd2 Bf8 9. f3 d5 10. Bg5 dxe4 11. Bxf6 Qxf6 12. Nxe4 Qb6 13. 0-0-0 Nc6 14. Nxc6 bxc6 15. Qg5 h6 16. Qg3 Qe3+ 17. Rd2 Rd8 18. Qe1 Be6 19. Bd3 Qb6 20. Nc3 Rab8 21. b3 Ba3+ 22. Kb1 Bb4 23. Re2 Qa5 24. Kb2 Rd5 25. Bc4 Rd1 26. Nxd1 Bxe1 27. Bxe6 Bh4 28. Bc4 Bf6+ 29. c3 Rd8 30. Rc2 Qg5 31. Re1 Rd2 32. Re8+ Kh7 33. Ne3 Rxc2+ 34. Kxc2 Qa5 35. b4 Qa3 36. Bb3 c5 37. Nd5 c4 38. Nxf6+ gxf6 39. Re7 cxb3+ 40. axb3 Qa2+ 41. Kd3 Qxb3 42. Rxc7 Qd5+ 43. Kc2 a6 0-1

[Event "Castellaneta op 4th"]
[Site "Castellaneta"]
[Date "2000.08.31"]
[Round "5"]
[White "Vujovic, Milorad"]
[Black "Alaimo, Riccardo"]
[Result "0-1"]
[WhiteElo "2275"]
[BlackElo "2089"]
[PlyCount "68"]
[EventDate "2000.08.??"]
[EventType "swiss"]
[EventRounds "6"]
[EventCountry "ITA"]
[SourceTitle "EXT 2005"]
[Source "ChessBase"]
[SourceDate "2004.11.15"]
[SourceVersion "1"]
[SourceVersionDate "2004.11.15"]
[SourceQuality "1"]

1. e4 c5 2. Nf3 d6 3. d4 cxd4 4. Nxd4 Nf6 5. Nc3 a6 6. g3 e5 7. Nde2 b5 8. Bg2 Bb7 9. Bg5 Nbd7 10. a4 b4 11. Nb1 h6 12. Bxf6 Nxf6 13. Nd2 d5 14. exd5 Bxd5 15. Bxd5 Qxd5 16. 0-0 Rd8 17. Nb3 Qc4 18. Qe1 Be7 19. Rc1 0-0 20. Nd2 Qc8 21. Nb3 Qh3 22. f3 Nd5 23. Qf2 Bg5 24. f4 exf4 25. gxf4 Bf6 26. Ng3 Bxb2 27. Rcd1 Nf6 28. Rxd8 Rxd8 29. Qb6 Rc8 30. Rf2 Ng4 31. Rg2 Nxh2 32. Qb7 Rd8 33. Qxb4 Rd1+ 34. Kf2 Ng4+ 0-1

[Event "Castellaneta op 4th"]
[Site "Castellaneta"]
[Date "2000.08.29"]
[Round "2"]
[White "Vujovic, Milorad"]
[Black "Lazarev, Vladimir"]
[Result "1-0"]
[WhiteElo "2275"]
[BlackElo "2478"]
[PlyCount "55"]
[EventDate "2000.08.??"]
[EventType "swiss"]
[EventRounds "6"]
[EventCountry "ITA"]
[SourceTitle "EXT 2005"]
[Source "ChessBase"]
[SourceDate "2004.11.15"]
[SourceVersion "1"]
[SourceVersionDate "2004.11.15"]
[SourceQuality "1"]

1. e4 c5 2. d3 Nc6 3. Nf3 d6 4. g3 g6 5. Bg2 Bg7 6. 0-0 e5 7. c3 Nge7 8. Be3 0-0 9. Na3 h6 10. Qd2 Kh7 11. d4 exd4 12. cxd4 d5 13. exd5 Nxd5 14. dxc5 Nxe3 15. Qxe3 Bxb2 16. Rad1 Qf6 17. Nc4 Be6 18. Nd6 Bxa2 19. Rd2 Be6 20. Rb1 Be5 21. Nxe5 Nxe5 22. Rxb7 a5 23. Re2 Nc4 24. Qxe6 Qxe6 25. Rxe6 Nxd6 26. Rxd6 a4 27. Bd5 Kg7 28. Rdd7 1-0

[Event "Nice op 7th"]
[Site "Nice"]
[Date "2000.08.08"]
[Round "2"]
[White "Vujovic, Milorad"]
[Black "Barsov, Alexei"]
[Result "0-1"]
[WhiteElo "2275"]
[BlackElo "2534"]
[PlyCount "39"]
[EventDate "2000.08.??"]
[EventType "swiss"]
[EventRounds "7"]
[EventCountry "FRA"]
[SourceTitle "EXT 2001"]
[Source "ChessBase"]
[SourceDate "2000.11.22"]
[SourceVersion "1"]
[SourceVersionDate "2000.11.22"]
[SourceQuality "1"]

1. e4 e6 2. d4 d5 3. Nd2 c5 4. exd5 Qxd5 5. Ngf3 cxd4 6. Bc4 Qd6 7. Nb3 Qb4+ 8. Nbd2 Nc6 9. Qe2 g6 10. c3 dxc3 11. bxc3 Qe7 12. a4 Nf6 13. 0-0 Qc7 14. Ne4 Be7 15. Bh6 Ng4 16. Bd2 f5 17. Ng3 Nf6 18. Bh6 Bf8 19. Qd2 Bg7 20. Rfe1 0-1

[Event "EU-ch 1st"]
[Site "Saint Vincent"]
[Date "2000.07.07"]
[Round "5"]
[White "Godena, Michele"]
[Black "Vujovic, Milorad"]
[Result "1-0"]
[WhiteElo "2485"]
[BlackElo "2275"]
[PlyCount "57"]
[EventDate "2000.07.03"]
[EventType "swiss"]
[EventRounds "11"]
[EventCountry "ITA"]
[SourceTitle "CBM 078"]
[Source "ChessBase"]
[SourceDate "2000.10.18"]
[SourceVersion "1"]
[SourceVersionDate "2000.10.18"]
[SourceQuality "1"]

1. e4 e5 2. Nf3 Nc6 3. Bb5 a6 4. Ba4 Bc5 5. c3 b5 6. Bb3 Nf6 7. d4 exd4 8. e5 Ng4 9. cxd4 Bb4+ 10. Nc3 d5 11. 0-0 Be6 12. Ng5 Nh6 13. Nxe6 fxe6 14. Bxh6 gxh6 15. Qh5+ Kd7 16. Nxd5 exd5 17. Bxd5 Ne7 18. e6+ Kc8 19. Bxa8 c6 20. Rac1 Kc7 21. Bxc6 Kb6 22. Bf3 Bd6 23. Qh4 Qb8 24. g3 Rg8 25. Qe4 Ka7 26. Rc2 h5 27. Rfc1 Bf4 28. Qxh7 Bd6 29. Rc7+ 1-0

[Event "EU-ch 1st"]
[Site "Saint Vincent"]
[Date "2000.07.03"]
[Round "1"]
[White "Chernin, Alexander"]
[Black "Vujovic, Milorad"]
[Result "1-0"]
[WhiteElo "2572"]
[BlackElo "2275"]
[PlyCount "61"]
[EventDate "2000.07.03"]
[EventType "swiss"]
[EventRounds "11"]
[EventCountry "ITA"]
[SourceTitle "CBM 078"]
[Source "ChessBase"]
[SourceDate "2000.10.18"]
[SourceVersion "1"]
[SourceVersionDate "2000.10.18"]
[SourceQuality "1"]

1. d4 Nf6 2. c4 e6 3. Nc3 Bb4 4. Qc2 d5 5. cxd5 exd5 6. Bg5 0-0 7. e3 Re8 8. a3 Be7 9. Bd3 h6 10. Bh4 c5 11. Nge2 cxd4 12. Nxd4 Nc6 13. Nxc6 bxc6 14. 0-0 c5 15. Rfd1 Be6 16. Bb5 Rf8 17. Bc6 Rb8 18. Nxd5 Bxd5 19. Bxd5 Qb6 20. Bxf6 Bxf6 21. Rab1 Rfd8 22. b3 Rd7 23. b4 Qd8 24. Qxc5 a5 25. Qc4 axb4 26. Bxf7+ Kf8 27. Rxd7 Qxd7 28. Be6 Qa4 29. axb4 Rd8 30. g3 Ke7 31. Bg4 1-0

[Event "Salento op 5th"]
[Site "Gallipoli"]
[Date "2000.06.23"]
[Round "2"]
[White "Indelicati, Giuseppe"]
[Black "Vujovic, Milorad"]
[Result "0-1"]
[WhiteElo "2097"]
[BlackElo "2316"]
[PlyCount "134"]
[EventDate "2000.06.??"]
[EventType "swiss"]
[EventRounds "6"]
[EventCountry "ITA"]
[SourceTitle "EXT 2005"]
[Source "ChessBase"]
[SourceDate "2004.11.15"]
[SourceVersion "1"]
[SourceVersionDate "2004.11.15"]
[SourceQuality "1"]

1. e4 c5 2. c3 e6 3. d4 d5 4. e5 Nc6 5. Nf3 Qb6 6. Bd3 Bd7 7. 0-0 cxd4 8. cxd4 Nxd4 9. Nxd4 Qxd4 10. Nc3 a6 11. Qe2 Ne7 12. Kh1 Nc6 13. f4 Nb4 14. Rd1 Nxd3 15. Rxd3 Qc4 16. b3 Qc7 17. Bb2 Rc8 18. f5 Bb4 19. Qg4 Bf8 20. Qg3 b5 21. fxe6 Bxe6 22. Rad1 Rd8 23. Ne4 Qc2 24. Qf2 Qxf2 25. Nxf2 Rc8 26. Rc3 Rxc3 27. Bxc3 Be7 28. Bd4 Kd7 29. Rc1 Rc8 30. Rxc8 Kxc8 31. Nd3 Bf5 32. Nc5 Bxc5 33. Bxc5 Kd7 34. Kg1 Ke6 35. Kf2 Kxe5 36. Ke3 g5 37. b4 Be4 38. g3 Kf5 39. h4 f6 40. Be7 h6 41. Bf8 Kg6 42. Be7 Bb1 43. a3 Kf5 44. Bd8 Ke5 45. Bc7+ Ke6 46. Bd8 Bc2 47. Kd4 Bb3 48. Ke3 Kf7 49. Kd4 Kg6 50. Ke3 f5 51. hxg5 hxg5 52. Bc7 Kh5 53. Bd8 Kg4 54. Bc7 Bc2 55. Be5 f4+ 56. gxf4 gxf4+ 57. Kf2 Kf5 58. Bc7 Ke4 59. Bd8 Bd1 60. Bc7 Bh5 61. Bd8 Kd3 62. Bc7 f3 63. Be5 Kc2 64. Bd4 Kb3 65. Ke3 Kxa3 66. Bc3 Kb3 67. Be1 Kc4 0-1

[Event "Salento op 5th"]
[Site "Gallipoli"]
[Date "2000.06.23"]
[Round "1"]
[White "Vujovic, Milorad"]
[Black "Maccario, Mauro"]
[Result "1-0"]
[WhiteElo "2316"]
[BlackElo "1824"]
[PlyCount "83"]
[EventDate "2000.06.??"]
[EventType "swiss"]
[EventRounds "6"]
[EventCountry "ITA"]
[SourceTitle "EXT 2005"]
[Source "ChessBase"]
[SourceDate "2004.11.15"]
[SourceVersion "1"]
[SourceVersionDate "2004.11.15"]
[SourceQuality "1"]

1. e4 d5 2. exd5 Qxd5 3. Nc3 Qd6 4. Bc4 Nf6 5. Nf3 a6 6. a4 Bg4 7. h3 Bh5 8. b3 e6 9. Ba3 c5 10. 0-0 Nc6 11. Re1 0-0-0 12. Be2 Qc7 13. d3 h6 14. Nd2 Bxe2 15. Qxe2 Nd4 16. Qd1 Be7 17. Bb2 Kb8 18. Nc4 Nd5 19. Nxd5 exd5 20. Ne5 Bd6 21. Bxd4 cxd4 22. Nf3 Bb4 23. Re5 Bc3 24. Rb1 f6 25. Re2 Rhe8 26. b4 Qd7 27. b5 a5 28. Nd2 Rxe2 29. Qxe2 Re8 30. Qd1 Qd6 31. Qh5 Re7 32. Nf3 Qc5 33. Qg4 Qc8 34. Qh4 Re2 35. Nxd4 Bxd4 36. Qxd4 Rxc2 37. Qf4+ Qc7 38. Qe3 Qd6 39. b6 d4 40. Qe8+ Rc8 41. Qb5 Rc5 42. Re1 1-0

[Event "Turin SVOLTA op"]
[Site "Turin"]
[Date "2000.06.03"]
[Round "7"]
[White "Vujovic, Milorad"]
[Black "Sarno, Spartaco"]
[Result "1/2-1/2"]
[WhiteElo "2316"]
[BlackElo "2391"]
[PlyCount "85"]
[EventDate "2000.05.06"]
[EventType "swiss"]
[EventRounds "8"]
[EventCountry "ITA"]
[SourceTitle "CBM 076 Extra"]
[Source "ChessBase"]
[SourceDate "2000.07.11"]
[SourceVersion "1"]
[SourceVersionDate "2000.07.11"]
[SourceQuality "1"]

1. e4 d6 2. d4 Nf6 3. Bd3 e5 4. c3 d5 5. dxe5 Nxe4 6. Nf3 Nc6 7. h3 Be7 8. 0-0 0-0 9. Qc2 f5 10. exf6 Nxf6 11. Bg5 Kh8 12. Nbd2 Qe8 13. Rfe1 Qh5 14. Bf4 Ne4 15. Nxe4 dxe4 16. Rxe4 Bf5 17. Bxc7 Rac8 18. Rxe7 Nxe7 19. Bxf5 Nxf5 20. Bh2 Rce8 21. Ne5 Nh4 22. Qe4 Ng6 23. Nxg6+ hxg6 24. Qxb7 Re2 25. Bg3 a5 26. a4 Qf5 27. b4 Qc2 28. Qb5 Qxc3 29. Rf1 Re1 30. bxa5 Rxf1+ 31. Qxf1 Qxa5 32. Qb5 Ra8 33. Qc6 Qa6 34. Qe4 Kh7 35. Qh4+ Kg8 36. Be5 Qxa4 37. Qe7 Qa7 38. Qd6 Qf7 39. f4 Re8 40. Kh2 Qe6 41. Qd4 Re7 42. Qd8+ Re8 43. Qc7 1/2-1/2

[Event "Turin SVOLTA op"]
[Site "Turin"]
[Date "2000.05.30"]
[Round "3"]
[White "Chilingirova, Pavlina"]
[Black "Vujovic, Milorad"]
[Result "1/2-1/2"]
[WhiteElo "2237"]
[BlackElo "2316"]
[PlyCount "68"]
[EventDate "2000.05.06"]
[EventType "swiss"]
[EventRounds "8"]
[EventCountry "ITA"]
[SourceTitle "CBM 076 Extra"]
[Source "ChessBase"]
[SourceDate "2000.07.11"]
[SourceVersion "1"]
[SourceVersionDate "2000.07.11"]
[SourceQuality "1"]

1. c4 e5 2. Nc3 Nc6 3. g3 d6 4. d3 Be6 5. Bg2 Qd7 6. e3 g6 7. b3 Bg7 8. Bb2 Nge7 9. Nd5 Bxd5 10. cxd5 Nb4 11. e4 Qb5 12. Bf1 f5 13. a3 Na6 14. b4 0-0 15. Nh3 Qb6 16. Qc2 c6 17. dxc6 bxc6 18. d4 Nc7 19. dxe5 dxe5 20. Bc4+ Kh8 21. Ng5 fxe4 22. Nxe4 Nf5 23. 0-0 Nb5 24. Bxb5 cxb5 25. Nc5 Rad8 26. Rad1 Qc6 27. Qb3 Rxd1 28. Rxd1 Nd4 29. Bxd4 exd4 30. Ne6 Rf3 31. Qa2 Qc4 32. Qxc4 bxc4 33. Nxd4 Rxa3 34. Ne6 Bf6 1/2-1/2

[Event "Valle d'Aosta op 8th"]
[Site "Saint Vincent"]
[Date "2000.02.19"]
[Round "8"]
[White "Vujovic, Milorad"]
[Black "Castaldo, Folco"]
[Result "1-0"]
[WhiteElo "2316"]
[BlackElo "2242"]
[PlyCount "67"]
[EventDate "2000.02.12"]
[EventType "tourn"]
[EventRounds "9"]
[EventCountry "ITA"]
[SourceTitle "CBM 074 Extra"]
[Source "ChessBase"]
[SourceDate "2000.03.10"]
[SourceVersion "2"]
[SourceVersionDate "2000.03.10"]
[SourceQuality "1"]

1. e4 e6 2. d3 c5 3. Qe2 Nc6 4. Nf3 d6 5. g3 g6 6. Bg2 Bg7 7. 0-0 Nge7 8. Re1 0-0 9. Nbd2 e5 10. Nf1 h6 11. Be3 Be6 12. c3 f5 13. Qd2 Kh7 14. Nh4 f4 15. gxf4 exf4 16. Bxf4 Rxf4 17. Qxf4 g5 18. Qd2 gxh4 19. f4 Qd7 20. Ne3 Bh3 21. Kh1 Rf8 22. Rf1 Bxg2+ 23. Qxg2 h3 24. Qg3 d5 25. Ng4 h5 26. Nf2 Bh6 27. Qxh3 Qxh3 28. Nxh3 dxe4 29. dxe4 Ng6 30. Rad1 Rf7 31. Rd5 h4 32. Rh5 Kg7 33. f5 Nge5 34. Rg1+ 1-0

[Event "Ischia op"]
[Site "Ischia"]
[Date "2000.??.??"]
[Round "?"]
[White "Femiano, Andrea"]
[Black "Vujovic, Milorad"]
[Result "0-1"]
[WhiteElo "2163"]
[BlackElo "2316"]
[PlyCount "50"]
[EventDate "2000.??.??"]
[EventType "swiss"]
[EventRounds "9"]
[EventCountry "ITA"]
[SourceTitle "EXT 2001"]
[Source "ChessBase"]
[SourceDate "2000.11.22"]
[SourceVersion "1"]
[SourceVersionDate "2000.11.22"]
[SourceQuality "1"]

1. e4 c5 2. Nf3 e6 3. d4 cxd4 4. Nxd4 Nf6 5. Nc3 d6 6. Be2 a6 7. a4 Qc7 8. f4 b6 9. 0-0 Bb7 10. Bf3 Nbd7 11. Nb3 Rd8 12. Qe1 Be7 13. Be3 g6 14. g4 h5 15. h3 hxg4 16. hxg4 Nc5 17. Nxc5 dxc5 18. Kg2 g5 19. Rh1 Rxh1 20. Qxh1 gxf4 21. Qh2 Bd6 22. Qh4 fxe3 23. Qxf6 Be5 24. Qg5 Bxc3 25. bxc3 Rd2+ 0-1

[Event "Mogliano Veneto op"]
[Site "Mogliano Veneto"]
[Date "2000.??.??"]
[Round "5"]
[White "Pastres, Roberto"]
[Black "Vujovic, Milorad"]
[Result "0-1"]
[WhiteElo "2212"]
[BlackElo "2316"]
[PlyCount "105"]
[EventDate "2000.??.??"]
[EventType "swiss"]
[EventRounds "6"]
[EventCountry "ITA"]
[SourceTitle "EXT 2001"]
[Source "ChessBase"]
[SourceDate "2000.11.22"]
[SourceVersion "1"]
[SourceVersionDate "2000.11.22"]
[SourceQuality "1"]

1. Nf3 b5 2. d4 Bb7 3. Bf4 d6 4. e3 a6 5. Bd3 Nd7 6. 0-0 g6 7. c3 Bg7 8. Nbd2 e5 9. Bg5 Ngf6 10. Ne1 h6 11. Bh4 Qe7 12. Nc2 0-0 13. a4 c6 14. f4 exd4 15. exd4 Nb6 16. axb5 axb5 17. Ne4 Rxa1 18. Qxa1 Ra8 19. Qb1 Nbd5 20. Nxf6+ Nxf6 21. Re1 Qc7 22. Ne3 b4 23. Bxf6 Bxf6 24. Ng4 Bg7 25. f5 Qd7 26. h3 h5 27. Nf2 g5 28. Qd1 c5 29. f6 Bxf6 30. Qxh5 cxd4 31. Ng4 Bg7 32. Qxg5 Qd8 33. Re7 Kf8 34. Rxf7+ Kxf7 35. Qg6+ Kf8 36. Qf5+ Ke7 37. Qg5+ Kd7 38. Qxg7+ Kc8 39. Qxd4 bxc3 40. Qxc3+ Kb8 41. Qd4 Qc7 42. Nf6 Ra1+ 43. Kf2 Rd1 44. Ne4 Bxe4 45. Qxe4 Rd2+ 46. Kf3 Rxb2 47. Qe8+ Qc8 48. Qxc8+ Kxc8 49. Bf5+ Kd8 50. h4 Ke7 51. g4 Kf6 52. Kf4 Rb4+ 53. Ke3 0-1

[Event "Agneaux St Lo op 04th"]
[Site "Agneaux"]
[Date "2000.??.??"]
[Round "4"]
[White "Vujovic, Milorad"]
[Black "Dumitrache, Dragos Nicolae"]
[Result "0-1"]
[WhiteElo "2316"]
[BlackElo "2420"]
[PlyCount "90"]
[EventDate "2000.02.??"]
[EventType "swiss"]
[EventRounds "7"]
[EventCountry "FRA"]
[SourceTitle "EXT 2001"]
[Source "ChessBase"]
[SourceDate "2000.11.22"]
[SourceVersion "1"]
[SourceVersionDate "2000.11.22"]
[SourceQuality "1"]

1. e4 c6 2. d4 d5 3. Nc3 dxe4 4. Nxe4 Nd7 5. Bc4 Ngf6 6. Ng5 e6 7. Qe2 Nb6 8. Bb3 Be7 9. N1f3 h6 10. Ne4 a5 11. a3 a4 12. Ba2 0-0 13. g4 Nxe4 14. Qxe4 c5 15. Rg1 Bd7 16. g5 Bc6 17. Qd3 c4 18. Qe3 Bxf3 19. gxh6 Qd5 20. Rg3 Bh5 21. Kf1 g6 22. c3 Qh1+ 23. Rg1 Qf3 24. Bb1 Qxe3 25. fxe3 f5 26. Kg2 Kh7 27. e4 fxe4 28. Bxe4 Nd5 29. Bd2 Rf7 30. Rae1 Bh4 31. Ref1 Raf8 32. Rxf7+ Rxf7 33. Kh3 Bf2 34. Rg5 Nf4+ 35. Bxf4 Rxf4 36. Rxh5 Rxe4 37. Rb5 Re2 38. Rxb7+ Kxh6 39. Kg4 Bg1 40. h3 Rg2+ 41. Kf3 Rf2+ 42. Kg3 Re2 43. Rb4 Be3 44. Rxa4 Bc1 45. Rxc4 Bxb2 0-1

[Event "Imperia op-A 41st"]
[Site "Imperia"]
[Date "1999.09.05"]
[Round "9.7"]
[White "Vujovic, Milorad"]
[Black "Dragojlovic, Andjelko"]
[Result "0-1"]
[WhiteElo "2258"]
[BlackElo "2350"]
[PlyCount "70"]
[EventDate "1999.08.29"]
[EventType "swiss"]
[EventRounds "9"]
[EventCountry "ITA"]
[SourceTitle "EXT 2024"]
[Source "ChessBase"]
[SourceDate "2023.10.10"]
[SourceVersion "1"]
[SourceVersionDate "2023.10.10"]
[SourceQuality "1"]

1. e4 c5 2. Nf3 g6 3. g3 Bg7 4. Bg2 Nc6 5. 0-0 Nf6 6. Re1 0-0 7. d4 cxd4 8. Nxd4 Nxd4 9. Qxd4 d6 10. c4 Ng4 11. Qd1 Ne5 12. Qe2 Bg4 13. f3 Be6 14. Nd2 Rc8 15. f4 Qb6+ 16. Kh1 Bxc4 17. Nxc4 Nxc4 18. e5 dxe5 19. Bd5 exf4 20. Qxe7 fxg3 21. Rf1 Nd6 22. Bf4 Nf5 23. Qxb7 Qxb7 24. Bxb7 Rc2 25. hxg3 Rxb2 26. Bd5 h5 27. Rac1 Bh6 28. Bxh6 Nxh6 29. Rc7 Nf5 30. Rf3 a5 31. Kg1 a4 32. Ra7 Re2 33. Rxa4 Rd8 34. Rd4 Kg7 35. a4 Re5 0-1

[Event "Imperia op-A 41st"]
[Site "Imperia"]
[Date "1999.09.02"]
[Round "6.11"]
[White "Jandovsky, Viktor"]
[Black "Vujovic, Milorad"]
[Result "0-1"]
[WhiteElo "2184"]
[BlackElo "2258"]
[PlyCount "80"]
[EventDate "1999.08.29"]
[EventType "swiss"]
[EventRounds "9"]
[EventCountry "ITA"]
[SourceTitle "EXT 2024"]
[Source "ChessBase"]
[SourceDate "2023.10.10"]
[SourceVersion "1"]
[SourceVersionDate "2023.10.10"]
[SourceQuality "1"]

1. e4 c5 2. Nf3 e6 3. d4 cxd4 4. Nxd4 Nf6 5. Nc3 d6 6. Be2 a6 7. 0-0 Qc7 8. a4 b6 9. f4 Bb7 10. Bf3 Nbd7 11. Kh1 Rd8 12. Qe2 Nc5 13. Bd2 d5 14. exd5 Nxd5 15. f5 e5 16. Rae1 f6 17. Bh5+ Kd7 18. Nxd5 Bxd5 19. c4 Bg8 20. a5 bxa5 21. Ra1 exd4 22. Bxa5 Qe5 23. Bxd8 Kxd8 24. b4 Nd7 25. c5 Nb8 26. Qd2 Qe3 27. Qd1 Bb3 28. Qg4 g6 29. fxg6 hxg6 30. Bxg6 Qe5 31. h3 Be6 32. Bf5 Rg8 33. Qf3 Bd5 34. Be4 Bxe4 35. Qxf6+ Qxf6 36. Rxf6 Bxg2+ 37. Kh2 d3 38. Rd1 Be4 39. h4 Bg7 40. Rb6 Be5+ 0-1

[Event "Imperia op-A 41st"]
[Site "Imperia"]
[Date "1999.08.31"]
[Round "3.17"]
[White "Vujovic, Milorad"]
[Black "Lukes, Ladislav"]
[Result "1/2-1/2"]
[WhiteElo "2258"]
[BlackElo "2070"]
[PlyCount "117"]
[EventDate "1999.08.29"]
[EventType "swiss"]
[EventRounds "9"]
[EventCountry "ITA"]
[SourceTitle "EXT 2024"]
[Source "ChessBase"]
[SourceDate "2023.10.10"]
[SourceVersion "1"]
[SourceVersionDate "2023.10.10"]
[SourceQuality "1"]

1. e4 Nf6 2. e5 Nd5 3. Bc4 e6 4. d4 d6 5. Nf3 Nc6 6. c3 Be7 7. Qe2 Nb6 8. Bd3 dxe5 9. dxe5 Nd7 10. Bb5 Ncb8 11. 0-0 a6 12. Bd3 Nc5 13. Bc2 Bd7 14. Rd1 Qc8 15. a4 a5 16. Bg5 Bc6 17. Bxe7 Bxf3 18. Qxf3 Kxe7 19. Qe3 Ncd7 20. Qg5+ Kf8 21. Na3 Nc6 22. Nc4 h6 23. Qf4 Qe8 24. Rd3 Qe7 25. Rf3 g5 26. Qe3 Qc5 27. Bg6 Qxe3 28. Rxf7+ Kg8 29. fxe3 Ndxe5 30. Nxe5 Nxe5 31. Rf6 Kg7 32. Raf1 Nxg6 33. Rf7+ Kg8 34. Rxc7 Ne5 35. Rxb7 Rh7 36. Rb5 Nc4 37. Rf6 Re8 38. b3 Nxe3 39. Rxa5 Nd5 40. Rf3 Rc7 41. c4 Nf4 42. h4 e5 43. hxg5 hxg5 44. Re3 Rce7 45. g3 Nh5 46. c5 Nf6 47. c6 Ng4 48. Re4 Nf6 49. Re2 Kg7 50. b4 e4 51. Rxg5+ Kh6 52. Rf5 Kg6 53. Rc5 Ng4 54. c7 Rc8 55. b5 Rcxc7 56. Rxc7 Rxc7 57. Rxe4 Rc1+ 58. Kg2 Nf6 59. Rb4 1/2-1/2

[Event "Genova op 3th"]
[Site "Genova"]
[Date "1999.??.??"]
[Round "10"]
[White "Neiman, Emmanuel"]
[Black "Vujovic, Milorad"]
[Result "1-0"]
[WhiteElo "2350"]
[BlackElo "2255"]
[PlyCount "93"]
[EventDate "1999.??.??"]
[EventType "swiss"]
[EventRounds "11"]
[EventCountry "ITA"]
[SourceTitle "EXT 2000"]
[Source "ChessBase"]
[SourceDate "1999.11.16"]
[SourceVersion "1"]
[SourceVersionDate "1999.11.16"]
[SourceQuality "1"]

1. d4 Nf6 2. c4 e6 3. Nc3 Bb4 4. e3 c5 5. Nge2 b6 6. a3 Ba5 7. Bd2 Nc6 8. d5 exd5 9. cxd5 Ne5 10. Ng3 Bxc3 11. Bxc3 d6 12. Be2 0-0 13. 0-0 Re8 14. f3 Bd7 15. Qd2 b5 16. b4 Qb6 17. Kh1 Rac8 18. e4 Qd8 19. bxc5 dxc5 20. f4 Nc4 21. Bxc4 bxc4 22. Rae1 Ng4 23. Rf3 Rb8 24. h3 Qh4 25. Kg1 Nh6 26. f5 f6 27. Qf2 Nf7 28. Rf4 Qh6 29. Nf1 Ne5 30. Rh4 Qg5 31. Re3 Nd3 32. Rxd3 cxd3 33. Bd2 Rb2 34. Rg4 Qh5 35. Qxc5 Qf7 36. Qc3 Rbb8 37. Bh6 g6 38. Nd2 Qe7 39. Qxd3 Qc5+ 40. Kh2 Kf7 41. Bf4 Rbc8 42. Qg3 g5 43. Bxg5 fxg5 44. Rxg5 Qf8 45. f6 Bf5 46. Rg7+ Kxf6 47. e5+ 1-0

[Event "Bernate op"]
[Site "Bernate"]
[Date "1999.??.??"]
[Round "2"]
[White "Rossi, Giampiero"]
[Black "Vujovic, Milorad"]
[Result "1/2-1/2"]
[WhiteElo "2020"]
[BlackElo "2255"]
[PlyCount "81"]
[EventDate "1999.??.??"]
[EventType "swiss"]
[EventRounds "7"]
[EventCountry "ITA"]
[SourceTitle "EXT 2003"]
[Source "ChessBase"]
[SourceDate "2002.11.25"]
[SourceVersion "1"]
[SourceVersionDate "2002.11.25"]
[SourceQuality "1"]

1. d4 Nf6 2. c4 e6 3. Nc3 Bb4 4. Qc2 c5 5. dxc5 Na6 6. a3 Bxc3+ 7. Qxc3 Nxc5 8. f3 a5 9. Bg5 a4 10. e3 Qa5 11. Qxa5 Rxa5 12. Nh3 d6 13. e4 Ra6 14. Nf2 Rb6 15. 0-0-0 Rc6 16. Kb1 b6 17. Nd3 Nxd3 18. Bxd3 Ba6 19. Rd2 Nd7 20. Be3 Ke7 21. Bc2 b5 22. cxb5 Bxb5 23. Rd4 Ra6 24. Rb4 Rb8 25. Rxb5 Rxb5 26. Bd3 Raa5 27. Bxb5 Rxb5 28. Rc1 d5 29. exd5 exd5 30. Bd4 f6 31. Rc7 Ra5 32. Kc2 Ra8 33. Ra7 Rxa7 34. Bxa7 Ne5 35. Kc3 Nc6 36. Bc5+ Ke6 37. b4 axb3 38. Kxb3 h5 39. a4 g5 40. Bb4 Ne5 41. a5 1/2-1/2

[Event "Genova op 3th"]
[Site "Genova"]
[Date "1999.??.??"]
[Round "3"]
[White "Vujovic, Milorad"]
[Black "Dervishi, Erald"]
[Result "0-1"]
[WhiteElo "2255"]
[BlackElo "2495"]
[PlyCount "60"]
[EventDate "1999.??.??"]
[EventType "swiss"]
[EventRounds "11"]
[EventCountry "ITA"]
[SourceTitle "EXT 2000"]
[Source "ChessBase"]
[SourceDate "1999.11.16"]
[SourceVersion "1"]
[SourceVersionDate "1999.11.16"]
[SourceQuality "1"]

1. c4 e6 2. e3 Nf6 3. Nf3 d5 4. b3 Be7 5. Bb2 0-0 6. Be2 c5 7. 0-0 Nc6 8. d4 b6 9. dxc5 bxc5 10. Nc3 d4 11. Na4 e5 12. exd4 cxd4 13. c5 Rb8 14. Re1 Qc7 15. Bd3 Bg4 16. h3 Bh5 17. g4 Bg6 18. Bxg6 hxg6 19. Qe2 Nd7 20. Rac1 Rfe8 21. Nd2 Bg5 22. Rcd1 Bxd2 23. Rxd2 Nf6 24. Bc1 e4 25. Bb2 Ne5 26. Rxd4 Nf3+ 27. Kf1 Qh2 28. Qd1 Qxh3+ 29. Ke2 Qxg4 30. Kf1 Nh2# 0-1